[Event "Bangabandhu-chT"]
[Site "Dhaka"]
[Date "2024.02.09"]
[Round "9.1"]
[White "Abu Sufian, Sakil"]
[Black "Mehdi, Hasan Parag"]
[Result "1-0"]
[WhiteElo "2207"]
[BlackElo "2135"]
[PlyCount "95"]
[EventDate "2024.02.01"]
[EventType "team-tourn"]
[EventRounds "11"]
[EventCountry "BAN"]
[SourceTitle "CB07_2024"]
[SourceDate "2024.02.14"]
[SourceVersion "1"]
[SourceVersionDate "2024.02.14"]
[SourceQuality "1"]
[WhiteTeam "Bangladesh Biman"]
[BlackTeam "Titas Club"]
[WhiteTeamCountry "BAN"]
[BlackTeamCountry "BAN"]

1. e4 e5 2. Nf3 Nc6 3. Bb5 a6 4. Ba4 Nf6 5. 0-0 Be7 6. Re1 b5 7. Bb3 0-0 8. a4 Rb8 9. axb5 axb5 10. c3 d6 11. d4 exd4 12. cxd4 Bg4 13. Nc3 Qd7 14. Be3 Nb4 15. Qe2 Rfe8 16. e5 dxe5 17. Bxf7+ Kxf7 18. Nxe5+ Kg8 19. Nxd7 Bxe2 20. Nxf6+ Bxf6 21. Rxe2 c6 22. g3 Rbd8 23. Rd2 Rd7 24. Rad1 Kf7 25. Kg2 h6 26. Kf3 Red8 27. Ne4 Rd5 28. g4 g5 29. Ng3 Kg6 30. Nf5 R5d7 31. Rc1 Rd5 32. Kg3 R8d7 33. Rc3 Bd8 34. Re2 Bf6 35. Rb3 Na6 36. Rc2 Rc7 37. Rc1 Rc8 38. Ra3 Nb8 39. Ra8 Rdd8 40. Kf3 Rd5 41. b3 Rcd8 42. Bd2 Re8 43. Bb4 h5 44. h3 Red8 45. Be7 hxg4+ 46. hxg4 Rh8 47. Rxb8 Rxb8 48. Rxc6 1-0

[Event "Bangabandhu-chT"]
[Site "Dhaka"]
[Date "2024.02.07"]
[Round "7.1"]
[White "Abu Sufian, Sakil"]
[Black "Kushagra, Mohan"]
[Result "0-1"]
[WhiteElo "2207"]
[BlackElo "2360"]
[PlyCount "124"]
[EventDate "2024.02.01"]
[EventType "team-tourn"]
[EventRounds "11"]
[EventCountry "BAN"]
[SourceTitle "CB07_2024"]
[SourceDate "2024.02.14"]
[SourceVersion "1"]
[SourceVersionDate "2024.02.14"]
[SourceQuality "1"]
[WhiteTeam "Bangladesh Biman"]
[BlackTeam "Manha's Castle"]
[WhiteTeamCountry "BAN"]
[BlackTeamCountry "BAN"]

1. e4 e5 2. Nf3 Nc6 3. Bb5 a6 4. Ba4 Nf6 5. 0-0 d6 6. c3 Bd7 7. Re1 g6 8. d4 Bg7 9. Nbd2 exd4 10. cxd4 0-0 11. h3 Nb4 12. Bb3 Nd3 13. Re3 Nxc1 14. Rxc1 Nh5 15. e5 Nf4 16. Ne4 dxe5 17. dxe5 Bc6 18. Nd4 Bd5 19. Nf3 c6 20. Bxd5 Nxd5 21. Rb3 Qe7 22. Nc5 b6 23. Ne4 Rac8 24. Nc3 Nxc3 25. Rbxc3 c5 26. Qa4 Qb7 27. Ra3 Ra8 28. Rd3 Rad8 29. Rcd1 b5 30. Qa5 Rxd3 31. Rxd3 c4 32. Rd6 Qe4 33. Rxa6 Qb1+ 34. Qe1 Qxb2 35. e6 fxe6 36. Qxe6+ Kh8 37. Rc6 Qxa2 38. Rc8 Qb1+ 39. Kh2 Qf5 40. Qxf5 gxf5 41. Rc5 Rb8 42. Nd2 c3 43. Nb3 f4 44. g3 fxg3+ 45. Kxg3 b4 46. Rc4 Bf8 47. Kf4 Re8 48. Nd4 Rb8 49. Nb3 Rd8 50. Ke4 Rd1 51. Nd4 Kg8 52. Rc8 Kf7 53. f4 Be7 54. Rc4 Rb1 55. Kf5 Rh1 56. Rc7 Rxh3 57. Nc6 Rh5+ 58. Ke4 Rc5 59. Ne5+ Ke8 60. Rxc5 Bxc5 61. Kd3 h5 62. Nf3 Bf2 0-1

[Event "Dhaka op"]
[Site "Dhaka"]
[Date "2024.01.19"]
[Round "5"]
[White "Abu Sufian, Sakil"]
[Black "Rahman, Syed Mahfuzur"]
[Result "0-1"]
[WhiteElo "2199"]
[BlackElo "2087"]
[PlyCount "88"]
[EventDate "2024.01.15"]
[EventType "swiss"]
[EventRounds "9"]
[EventCountry "BAN"]
[SourceTitle "CB05_2024"]
[SourceDate "2024.01.31"]
[SourceVersion "1"]
[SourceVersionDate "2024.01.31"]
[SourceQuality "1"]

1. e4 c5 2. Nf3 Nc6 3. Bb5 d6 4. 0-0 Bd7 5. Re1 a6 6. Bf1 Bg4 7. h3 Bxf3 8. Qxf3 g6 9. Qd1 Bg7 10. c3 e5 11. d3 Nf6 12. Be3 0-0 13. Nd2 b5 14. a3 Re8 15. b4 cxb4 16. axb4 d5 17. Bc5 d4 18. cxd4 Nxd4 19. Nb3 Nxb3 20. Qxb3 Nd7 21. Be3 Nb6 22. Rec1 Na4 23. Be2 Qd6 24. Rc2 Bf8 25. Bd2 Rac8 26. Rac1 Rxc2 27. Qxc2 Rd8 28. Qb3 Be7 29. g3 Nb6 30. Kg2 Rc8 31. Rf1 Nd7 32. f4 Bf6 33. Be3 exf4 34. gxf4 Rc3 35. Qb1 Bd4 36. e5 Qb6 37. Bd2 Rc7 38. Rc1 Nf8 39. Bf3 Ne6 40. Rxc7 Qxc7 41. Qb3 Qe7 42. Kg3 Qh4+ 43. Kxh4 Bf2+ 44. Kg4 h5# 0-1

[Event "Dhaka op"]
[Site "Dhaka"]
[Date "2024.01.16"]
[Round "2"]
[White "Abdul, Momin"]
[Black "Abu Sufian, Sakil"]
[Result "0-1"]
[WhiteElo "1811"]
[BlackElo "2199"]
[PlyCount "112"]
[EventDate "2024.01.15"]
[EventType "swiss"]
[EventRounds "9"]
[EventCountry "BAN"]
[SourceTitle "CB05_2024"]
[SourceDate "2024.01.31"]
[SourceVersion "1"]
[SourceVersionDate "2024.01.31"]
[SourceQuality "1"]

1. e4 c5 2. Nf3 d6 3. d4 cxd4 4. Nxd4 Nf6 5. Nc3 g6 6. Be2 Bg7 7. Be3 Nc6 8. Qd2 0-0 9. 0-0-0 d5 10. exd5 Nxd5 11. Nxc6 bxc6 12. Nxd5 cxd5 13. Qxd5 Qc7 14. Qxa8 Bf5 15. Qxf8+ Kxf8 16. Bd3 Bg4 17. Rd2 h5 18. Bc4 Bxb2+ 19. Kxb2 Qxc4 20. Rd8+ Kg7 21. Rb8 Be6 22. Rd1 Qxa2+ 23. Kc1 Qa3+ 24. Rb2 a5 25. Rd3 Qa4 26. g3 Qc6 27. h4 Bf5 28. Rb6 Qc4 29. Bd4+ Kh7 30. Rb8 f6 31. Rd2 Bxc2 32. Rxc2 Qxd4 33. Rb7 Kh6 34. Rxe7 g5 35. hxg5+ Kxg5 36. Rg7+ Kh6 37. Rgc7 a4 38. R7c4 Qa1+ 39. Kd2 Qf1 40. Kc3 Qa1+ 41. Kd2 Kg6 42. Rc1 Qb2+ 43. R1c2 Qb5 44. R4c3 Qb4 45. Kd3 a3 46. Ra2 Qb1+ 47. Rcc2 Qb3+ 48. Ke2 Kf5 49. Kf1 Kg4 50. Kg2 f5 51. Rd2 f4 52. gxf4 Qf3+ 53. Kh2 h4 54. Rd8 Qxf4+ 55. Kg2 h3+ 56. Kg1 Qc1+ 0-1

[Event "BAN-chT Premier"]
[Site "Dhaka"]
[Date "2022.12.09"]
[Round "10.5"]
[White "Murshed, Niaz"]
[Black "Abu Sufian, Sakil"]
[Result "1-0"]
[WhiteElo "2419"]
[BlackElo "2229"]
[PlyCount "125"]
[EventDate "2022.11.30"]
[EventType "team-tourn"]
[EventRounds "11"]
[EventCountry "BAN"]
[SourceTitle "CBM 211 Extra"]
[Source "ChessBase"]
[SourceDate "2023.01.31"]
[SourceVersion "1"]
[SourceVersionDate "2023.01.31"]
[SourceQuality "1"]
[WhiteTeam "Palli Sanchoy Bank"]
[BlackTeam "Bangladesh Biman"]
[WhiteTeamCountry "BAN"]
[BlackTeamCountry "BAN"]

1. d4 d5 2. c4 c6 3. Nc3 Nf6 4. e3 a6 5. Nf3 Bf5 6. Qb3 Ra7 7. Bd2 e6 8. Nh4 Be4 9. c5 Nbd7 10. f3 Bg6 11. Nxg6 hxg6 12. Na4 Be7 13. 0-0-0 Qb8 14. g3 e5 15. Be2 Nf8 16. Be1 exd4 17. exd4 Ne6 18. Kb1 g5 19. Bf2 Nd7 20. Bd3 g6 21. Rde1 Rh6 22. Qc2 Kf8 23. f4 Kg7 24. f5 gxf5 25. Bxf5 Qh8 26. h4 Ra8 27. Be3 Ndf8 28. Rhf1 Kg8 29. Qd2 Qg7 30. Nc3 Rb8 31. Na4 Bf6 32. Rd1 Rh8 33. Nb6 Rd8 34. Qf2 Rh6 35. a4 Be7 36. Ka2 Rf6 37. Qe2 Rh6 38. Qf2 Rf6 39. Rde1 Rh6 40. hxg5 Bxg5 41. Bxg5 Nxg5 42. Re7 Rf6 43. g4 Qh6 44. Qe3 Qh4 45. Qe5 Nge6 46. Rxb7 Ng7 47. Rh1 Rxf5 48. gxf5 Qxh1 49. Qe7 Qh5 50. Qxd8 Qxf5 51. Qh4 Nge6 52. Qg3+ Ng6 53. Nc8 Qc2 54. Qb3 Qf2 55. Nd6 Nxd4 56. Rb8+ Nf8 57. Qh3 Nde6 58. Qg4+ Kh7 59. Rb3 Ng6 60. Rf3 Qc2 61. Rxf7+ Kg8 62. Rf6 Nef8 63. Nf5 1-0

[Event "BAN-chT Premier"]
[Site "Dhaka"]
[Date "2022.12.03"]
[Round "4.1"]
[White "Aradhya, Garg"]
[Black "Abu Sufian, Sakil"]
[Result "1/2-1/2"]
[WhiteElo "2289"]
[BlackElo "2229"]
[PlyCount "105"]
[EventDate "2022.11.30"]
[EventType "team-tourn"]
[EventRounds "11"]
[EventCountry "BAN"]
[SourceTitle "CBM 211 Extra"]
[Source "ChessBase"]
[SourceDate "2023.01.31"]
[SourceVersion "1"]
[SourceVersionDate "2023.01.31"]
[SourceQuality "1"]
[WhiteTeam "Sheikh Russel"]
[BlackTeam "Bangladesh Biman"]
[WhiteTeamCountry "BAN"]
[BlackTeamCountry "BAN"]

1. d4 d5 2. c4 c6 3. Nf3 Nf6 4. g3 Bg4 5. Bg2 e6 6. 0-0 Nbd7 7. h3 Bh5 8. cxd5 exd5 9. Qb3 Qb6 10. Qe3+ Be7 11. Nh4 Bg6 12. Nc3 Qd8 13. b4 a6 14. a4 0-0 15. Nxg6 hxg6 16. Rb1 Nb6 17. Qd3 Qd7 18. a5 Nc8 19. Na4 Qf5 20. Nc5 Nd6 21. Bf4 Nfe4 22. e3 Rfe8 23. g4 Qc8 24. Nxe4 Nxe4 25. f3 Nd6 26. e4 dxe4 27. fxe4 Nb5 28. Be3 Qd7 29. Qc4 Bf6 30. e5 Nc7 31. Bd2 Bd8 32. Rb3 Qe6 33. Qxe6 Rxe6 34. Rbf3 f6 35. g5 Nd5 36. h4 Kf7 37. Bh3 Re8 38. gxf6 gxf6 39. Bg5 f5 40. Rg3 Rh8 41. e6+ Kxe6 42. Bxd8 Raxd8 43. Rxg6+ Kf7 44. Bxf5 Ne3 45. Rf4 Nxf5 46. Rg5 Rxh4 47. Rgxf5+ Kg6 48. Rf6+ Kg5 49. R6f5+ Kg6 50. Rxh4 Kxf5 51. Kf2 Rd5 52. Ke3 Kg5 53. Rh2 1/2-1/2

[Event "BAN-chT Premier"]
[Site "Dhaka"]
[Date "2022.11.30"]
[Round "1.1"]
[White "Abu Sufian, Sakil"]
[Black "Shawket Bin, Osman Shaon"]
[Result "1-0"]
[WhiteElo "2229"]
[BlackElo "2069"]
[PlyCount "75"]
[EventDate "2022.11.30"]
[EventType "team-tourn"]
[EventRounds "11"]
[EventCountry "BAN"]
[SourceTitle "CBM 211 Extra"]
[Source "ChessBase"]
[SourceDate "2023.01.31"]
[SourceVersion "1"]
[SourceVersionDate "2023.01.31"]
[SourceQuality "1"]
[WhiteTeam "Bangladesh Biman"]
[BlackTeam "Manha's Castle"]
[WhiteTeamCountry "BAN"]
[BlackTeamCountry "BAN"]

1. e4 e5 2. Nf3 Nc6 3. Bb5 g6 4. 0-0 Bg7 5. c3 Nge7 6. d4 a6 7. Ba4 0-0 8. d5 Nb8 9. d6 Nec6 10. Bg5 f6 11. Be3 Kh8 12. Bc5 Re8 13. Bb3 cxd6 14. Bxd6 Qb6 15. Na3 Nd8 16. Nc4 Qc6 17. Qd5 Ne6 18. Qxc6 Nxc6 19. Nb6 Ra7 20. Bxe6 dxe6 21. Bc5 Bf8 22. Be3 a5 23. Nxc8 Rxc8 24. Bxa7 Nxa7 25. Rfd1 Nb5 26. Rd7 Nd6 27. Rd1 Rc6 28. Nd2 Kg8 29. f3 a4 30. c4 f5 31. b3 axb3 32. axb3 b6 33. Ra7 b5 34. Ra8 bxc4 35. Nxc4 Rc8 36. Rxc8 Nxc8 37. Rd8 Ne7 38. Nxe5 1-0

[Event "BAN-chT"]
[Site "Dhaka"]
[Date "2022.03.16"]
[Round "7.4"]
[White "Abu Sufian, Sakil"]
[Black "Sadnan Hasan, Dihan"]
[Result "1/2-1/2"]
[WhiteElo "2236"]
[BlackElo "2132"]
[PlyCount "118"]
[EventDate "2022.03.10"]
[EventType "team-tourn"]
[EventRounds "11"]
[EventCountry "BAN"]
[SourceTitle "CBM 207 Extra"]
[Source "ChessBase"]
[SourceDate "2022.05.31"]
[SourceVersion "1"]
[SourceVersionDate "2022.05.31"]
[SourceQuality "1"]
[WhiteTeam "Bangladesh Biman"]
[BlackTeam "Rupali Bank Krira Parisad"]
[WhiteTeamCountry "BAN"]
[BlackTeamCountry "BAN"]

1. e4 e5 2. Nf3 Nc6 3. Bc4 Be7 4. d4 d6 5. dxe5 Nxe5 6. Nxe5 dxe5 7. Qh5 g6 8. Qxe5 Nf6 9. Bh6 Qd6 10. Qxd6 cxd6 11. Nc3 Be6 12. Bb5+ Kd8 13. f3 a6 14. Ba4 b5 15. Bb3 b4 16. Ne2 Nd7 17. Nd4 Nc5 18. Nc6+ Kd7 19. Bxe6+ fxe6 20. Nxe7 Kxe7 21. Bg5+ Kd7 22. 0-0-0 Rhc8 23. Kb1 Rc6 24. Rd2 Rac8 25. Be3 Nb7 26. h4 h5 27. Rg1 Rf8 28. Rf2 Na5 29. b3 e5 30. Bd2 Rb6 31. g4 Nc6 32. gxh5 gxh5 33. Be3 Rbb8 34. Rg7+ Ke6 35. Rg5 Rf6 36. f4 exf4 37. Rxf4 Rb5 38. Rxf6+ Kxf6 39. Rxb5 axb5 40. Bf4 Ke6 41. Kb2 Ne5 42. Bd2 Nf3 43. Bxb4 Nxh4 44. a4 bxa4 45. bxa4 Kd7 46. a5 Kc6 47. Kc3 Nf3 48. a6 h4 49. Bxd6 h3 50. Bf4 h2 51. Bxh2 Nxh2 52. Kc4 Nf3 53. c3 Kb6 54. Kd5 Kxa6 55. e5 Kb6 56. e6 Kc7 57. c4 Ng5 58. c5 Nxe6 59. Kxe6 Kc6 1/2-1/2

[Event "BAN-chT"]
[Site "Dhaka"]
[Date "2022.03.13"]
[Round "4.2"]
[White "Rahman, Syed Mahfuzur"]
[Black "Abu Sufian, Sakil"]
[Result "1/2-1/2"]
[WhiteElo "2107"]
[BlackElo "2236"]
[PlyCount "84"]
[EventDate "2022.03.10"]
[EventType "team-tourn"]
[EventRounds "11"]
[EventCountry "BAN"]
[SourceTitle "CBM 207 Extra"]
[Source "ChessBase"]
[SourceDate "2022.05.31"]
[SourceVersion "1"]
[SourceVersionDate "2022.05.31"]
[SourceQuality "1"]
[WhiteTeam "Janata Bank Officer Welfare"]
[BlackTeam "Bangladesh Biman"]
[WhiteTeamCountry "BAN"]
[BlackTeamCountry "BAN"]

1. c4 c6 2. d4 d5 3. Nc3 Nf6 4. e3 a6 5. Nf3 b5 6. b3 Bg4 7. Be2 e6 8. 0-0 Nbd7 9. Qc2 Bf5 10. Bd3 Bxd3 11. Qxd3 Bb4 12. Bb2 0-0 13. Nd2 Re8 14. e4 dxc4 15. bxc4 Ne5 16. Qg3 Nxc4 17. Nxc4 bxc4 18. e5 Nd5 19. Ne4 Be7 20. Ba3 Bxa3 21. Qxa3 Qb6 22. Rfd1 Reb8 23. Qg3 Qc7 24. h4 f5 25. exf6 Qxg3 26. Nxg3 gxf6 27. Rac1 Rb4 28. Ne4 Rab8 29. Nc5 Re8 30. Nxa6 Ra4 31. Nc5 Rxa2 32. Rxc4 Kf7 33. Ne4 Rd8 34. Rxc6 Nf4 35. Kf1 Rxd4 36. Nc3 Rxd1+ 37. Nxd1 Ra1 38. Rd6 Nd5 39. Ke1 Ke7 40. Rc6 Kd7 41. Rc4 h5 42. Ke2 Ra2+ 1/2-1/2

[Event "Dhaka Al Mahmud Memorial"]
[Site "Dhaka"]
[Date "2022.02.13"]
[Round "9"]
[White "Abu Sufian, Sakil"]
[Black "Rahman, Syed Mahfuzur"]
[Result "1-0"]
[WhiteElo "2232"]
[BlackElo "2099"]
[PlyCount "141"]
[EventDate "2022.02.05"]
[EventType "swiss"]
[EventRounds "9"]
[EventCountry "BAN"]
[SourceTitle "CBM 206 Extra"]
[Source "ChessBase"]
[SourceDate "2022.03.31"]
[SourceVersion "1"]
[SourceVersionDate "2022.03.31"]
[SourceQuality "1"]

1. e4 c5 2. Nf3 Nc6 3. Bb5 d6 4. 0-0 Bd7 5. Re1 a6 6. Bf1 Bg4 7. h3 Bh5 8. c3 Nf6 9. d3 e6 10. Nbd2 Be7 11. g4 Bg6 12. Nh4 Nd7 13. Nxg6 hxg6 14. Nf3 Nde5 15. Nh2 g5 16. d4 Ng6 17. Nf3 Nh4 18. Nxh4 Rxh4 19. Be3 Qc7 20. Qd2 f6 21. a3 Kf7 22. f4 cxd4 23. cxd4 gxf4 24. Bxf4 e5 25. dxe5 dxe5 26. Be3 Nd4 27. Qf2 Rah8 28. Rac1 Qd7 29. Bxd4 Qxd4 30. Qxd4 exd4 31. Rc7 Ke6 32. Rxb7 Bd6 33. Rxg7 d3 34. Rd1 Bc5+ 35. Kh1 Bf8 36. Ra7 Rxg4 37. Rxd3 Rxe4 38. Rxa6+ Ke5 39. Rf3 Rh6 40. b4 Bxb4 41. axb4 Rxb4 42. Ra5+ Ke6 43. Raf5 Rb1 44. Kh2 Rb2+ 45. Rf2 Rxf2+ 46. Rxf2 Kf7 47. Bd3 Rh5 48. Bf5 Kg7 49. Rf4 Rh8 50. Kg3 Ra8 51. Rg4+ Kh8 52. Rc4 Rg8+ 53. Kf4 Rg5 54. Rc6 Kg7 55. Rc7+ Kg8 56. h4 Rg1 57. Be6+ Kh8 58. Kf5 Rg2 59. Rc8+ Kh7 60. Kxf6 Rg6+ 61. Ke5 Rg1 62. Bf5+ Kg7 63. Rc7+ Kh8 64. Kf6 Rg7 65. Rc4 Rf7+ 66. Kg5 Rf8 67. Be6 Re8 68. Kf6 Rb8 69. Rc5 Rb7 70. Rc8+ Kh7 71. Bf5+ 1-0

[Event "Dhaka Al Mahmud Memorial"]
[Site "Dhaka"]
[Date "2022.02.12"]
[Round "8"]
[White "Ahmed, Sk Nasir"]
[Black "Abu Sufian, Sakil"]
[Result "1/2-1/2"]
[WhiteElo "2168"]
[BlackElo "2232"]
[PlyCount "96"]
[EventDate "2022.02.05"]
[EventType "swiss"]
[EventRounds "9"]
[EventCountry "BAN"]
[SourceTitle "CBM 206 Extra"]
[Source "ChessBase"]
[SourceDate "2022.03.31"]
[SourceVersion "1"]
[SourceVersionDate "2022.03.31"]
[SourceQuality "1"]

1. e4 c6 2. d4 d5 3. Nc3 dxe4 4. Nxe4 Bf5 5. Qf3 Bg6 6. c3 Nd7 7. Nh3 Ngf6 8. Nxf6+ Nxf6 9. Nf4 Be4 10. Qe3 Bf5 11. Bd3 Bxd3 12. Nxd3 e6 13. Bd2 Bd6 14. 0-0-0 Nd5 15. Qe4 b5 16. h4 Qc7 17. h5 h6 18. f4 0-0-0 19. g4 a5 20. g5 Rde8 21. Kb1 a4 22. Rdf1 Kb7 23. Rf3 Qd7 24. Ne5 Bxe5 25. fxe5 hxg5 26. Bxg5 Ref8 27. Qh4 f6 28. exf6 gxf6 29. Bc1 Qh7+ 30. Ka1 Rhg8 31. Qe1 Re8 32. h6 e5 33. dxe5 Rxe5 34. Qf1 a3 35. bxa3 Rge8 36. Qd3 f5 37. Bd2 Nb6 38. Rhf1 Nc4 39. Bc1 Re1 40. Rxe1 Rxe1 41. Rf1 Ne5 42. Qh3 Re2 43. Qxf5 Qg8 44. Bb2 Qg2 45. Rb1 Nc4 46. Qd7+ Kb6 47. Qd8+ Kb7 48. Qd7+ Kb6 1/2-1/2

[Event "Dhaka Al Mahmud Memorial"]
[Site "Dhaka"]
[Date "2022.02.05"]
[Round "1"]
[White "Tipu, Sultan"]
[Black "Abu Sufian, Sakil"]
[Result "0-1"]
[WhiteElo "1785"]
[BlackElo "2232"]
[PlyCount "66"]
[EventDate "2022.02.05"]
[EventType "swiss"]
[EventRounds "9"]
[EventCountry "BAN"]
[SourceTitle "CBM 206 Extra"]
[Source "ChessBase"]
[SourceDate "2022.03.31"]
[SourceVersion "1"]
[SourceVersionDate "2022.03.31"]
[SourceQuality "1"]

1. e4 c6 2. d4 d5 3. exd5 cxd5 4. Nf3 Nc6 5. Nc3 Bg4 6. h3 Bxf3 7. Qxf3 e6 8. Be3 Nf6 9. Bd3 Be7 10. Ne2 Nb4 11. Nf4 0-0 12. c3 Nxd3+ 13. Nxd3 Ne4 14. 0-0 b5 15. Rfe1 Qb6 16. Ne5 Qb7 17. a3 Rac8 18. Qe2 a5 19. Nd3 b4 20. axb4 axb4 21. f3 Ng3 22. Qf2 Nf5 23. Qd2 bxc3 24. bxc3 Qb3 25. Rac1 Ba3 26. Rc2 Nd6 27. Qd1 Rxc3 28. Rxc3 Qxc3 29. Ne5 Nf5 30. Bf2 Bb2 31. Re2 Ra8 32. Qc2 Qxc2 33. Rxc2 Bxd4 0-1

[Event "BAN-chB 46th"]
[Site "Dhaka"]
[Date "2021.12.23"]
[Round "9"]
[White "Abu Sufian, Sakil"]
[Black "Bhuiyan, Golam Mostafa"]
[Result "0-1"]
[WhiteElo "2246"]
[BlackElo "2120"]
[PlyCount "80"]
[EventDate "2021.12.15"]
[EventType "swiss"]
[EventRounds "9"]
[EventCountry "BAN"]
[SourceTitle "CBM 206 Extra"]
[Source "ChessBase"]
[SourceDate "2022.03.31"]
[SourceVersion "1"]
[SourceVersionDate "2022.03.31"]
[SourceQuality "1"]

1. e4 d6 2. d4 Nf6 3. Nc3 g6 4. Nf3 Bg7 5. Be2 0-0 6. 0-0 a6 7. a4 Nc6 8. Be3 e5 9. d5 Ne7 10. Nd2 Ne8 11. a5 f5 12. f3 f4 13. Bf2 g5 14. Na4 Rf6 15. c4 Rh6 16. c5 Ng6 17. cxd6 Nxd6 18. Nc4 Nh4 19. Nxd6 Qxd6 20. Kh1 Qg6 21. Bg1 Bf8 22. Rc1 Bd6 23. Nc5 Kh8 24. Rc3 Qh5 25. Re1 Rg6 26. Rf1 Qh6 27. Rb3 Qh5 28. Nxb7 Qh6 29. Nxd6 cxd6 30. Rb6 Qg7 31. Bf2 h5 32. Qc2 Bd7 33. Rb7 Rf8 34. Rg1 Rf7 35. Rb6 Qf6 36. Qd1 g4 37. Qe1 g3 38. hxg3 Rfg7 39. gxh4 Rg3 40. Bxg3 fxg3 0-1

[Event "BAN-chB 46th"]
[Site "Dhaka"]
[Date "2021.12.19"]
[Round "5"]
[White "Abu Sufian, Sakil"]
[Black "Masum, Hossain"]
[Result "1-0"]
[WhiteElo "2246"]
[BlackElo "2071"]
[PlyCount "54"]
[EventDate "2021.12.15"]
[EventType "swiss"]
[EventRounds "9"]
[EventCountry "BAN"]
[SourceTitle "CBM 206 Extra"]
[Source "ChessBase"]
[SourceDate "2022.03.31"]
[SourceVersion "1"]
[SourceVersionDate "2022.03.31"]
[SourceQuality "1"]

1. e4 e6 2. d4 d5 3. e5 c5 4. c3 Nc6 5. Nf3 Qb6 6. Be2 Nh6 7. Bxh6 gxh6 8. Qd2 Rg8 9. 0-0 Bd7 10. dxc5 Bxc5 11. b4 Be7 12. Qxh6 0-0-0 13. Nbd2 Rg6 14. Qe3 Qxe3 15. fxe3 Rdg8 16. Rf2 Bd8 17. b5 Na5 18. Nd4 Bc7 19. N2f3 f6 20. Bd3 fxe5 21. Bxg6 exd4 22. Bf7 dxe3 23. Bxg8 exf2+ 24. Kxf2 Bb6+ 25. Kg3 Kc7 26. Re1 Kd6 27. Ng5 e5 1-0

[Event "Dhaka Sheikh Russel op"]
[Site "Dhaka"]
[Date "2021.10.24"]
[Round "6"]
[White "Das, Sayantan"]
[Black "Abu Sufian, Sakil"]
[Result "1-0"]
[WhiteElo "2444"]
[BlackElo "2247"]
[PlyCount "79"]
[EventDate "2021.10.19"]
[EventType "swiss"]
[EventRounds "9"]
[EventCountry "BAN"]
[SourceTitle "CBM 204 Extra"]
[Source "ChessBase"]
[SourceDate "2021.11.30"]
[SourceVersion "1"]
[SourceVersionDate "2021.11.30"]
[SourceQuality "1"]

1. e4 c6 2. d4 d5 3. e5 Bf5 4. Nd2 e6 5. Nb3 Nd7 6. Nf3 Ne7 7. Be2 Bg4 8. 0-0 c5 9. Nxc5 Nxc5 10. dxc5 Nc6 11. Be3 Bxf3 12. Bxf3 Nxe5 13. Bd4 Nc6 14. Re1 Nxd4 15. Qxd4 Qc7 16. b4 0-0-0 17. Rad1 Be7 18. Qxg7 Qf4 19. Qc3 Bf6 20. Qa3 Kb8 21. b5 Qc4 22. c6 Qxb5 23. cxb7 Rd7 24. Qe3 Qc4 25. Rb1 Rxb7 26. Be2 Qc7 27. c4 Rb6 28. cxd5 exd5 29. Bf3 Rd8 30. a4 Bb2 31. g3 Rb4 32. Kg2 a5 33. Red1 d4 34. Qe4 Ka7 35. Qxh7 Bc3 36. h4 Rdb8 37. h5 Rxa4 38. Rxb8 Kxb8 39. h6 Ka7 40. Qe4 1-0

[Event "Dhaka Sheikh Russel op"]
[Site "Dhaka"]
[Date "2021.10.23"]
[Round "5"]
[White "Abu Sufian, Sakil"]
[Black "Ahmed, Walijah"]
[Result "1-0"]
[WhiteElo "2247"]
[BlackElo "1983"]
[PlyCount "79"]
[EventDate "2021.10.19"]
[EventType "swiss"]
[EventRounds "9"]
[EventCountry "BAN"]
[SourceTitle "CBM 204 Extra"]
[Source "ChessBase"]
[SourceDate "2021.11.30"]
[SourceVersion "1"]
[SourceVersionDate "2021.11.30"]
[SourceQuality "1"]

1. e4 c5 2. Nf3 e6 3. d4 cxd4 4. Nxd4 Nc6 5. Nc3 Qc7 6. Be3 a6 7. Qd2 Nf6 8. f4 Bb4 9. Bd3 b5 10. a3 Bxc3 11. Qxc3 0-0 12. Nxc6 Qxc6 13. Qxc6 dxc6 14. e5 Nd7 15. Be4 Bb7 16. 0-0-0 Rfd8 17. Rd6 Nf8 18. Rhd1 Rxd6 19. Rxd6 Rc8 20. Kd2 Rc7 21. c4 Rd7 22. Rxd7 Nxd7 23. cxb5 axb5 24. b3 f6 25. exf6 Nxf6 26. Bf3 Kf7 27. Bc5 Nd5 28. g3 Ke8 29. Kd3 Kd7 30. Kd4 Nc7 31. Ke5 Nd5 32. Bg4 Nc7 33. Bf8 g6 34. Bd6 Ba6 35. b4 Ne8 36. Bxe6+ Kd8 37. Bc5 Ng7 38. Bg8 Bc8 39. Bxh7 Bf5 40. Kf6 1-0

[Event "Dhaka Sheikh Russel op"]
[Site "Dhaka"]
[Date "2021.10.20"]
[Round "2"]
[White "Abu Sufian, Sakil"]
[Black "Md Jamal, Uddin"]
[Result "1-0"]
[WhiteElo "2247"]
[BlackElo "2048"]
[PlyCount "150"]
[EventDate "2021.10.19"]
[EventType "swiss"]
[EventRounds "9"]
[EventCountry "BAN"]
[SourceTitle "CBM 204 Extra"]
[Source "ChessBase"]
[SourceDate "2021.11.30"]
[SourceVersion "1"]
[SourceVersionDate "2021.11.30"]
[SourceQuality "1"]

1. e4 c5 2. Nf3 d6 3. Bb5+ Bd7 4. Bxd7+ Qxd7 5. 0-0 Nc6 6. b3 Nf6 7. Re1 g6 8. d4 cxd4 9. Nxd4 Bg7 10. Bb2 0-0 11. c4 Rfd8 12. Nc2 Nh5 13. Bxg7 Kxg7 14. Nc3 Nf6 15. Qd2 Ne5 16. f4 Nc6 17. Nd5 e6 18. Nxf6 Kxf6 19. Qc3+ Ke7 20. Ne3 e5 21. Nd5+ Kf8 22. f5 Kg7 23. f6+ Kh8 24. Qe3 Qg4 25. Rad1 Rg8 26. Rf1 Rad8 27. Rd2 Nd4 28. Ne7 Rge8 29. Qh6 Ne6 30. Rf3 Qg5 31. Qxg5 Nxg5 32. Re3 Ne6 33. Kf2 Rd7 34. h4 h5 35. g4 Nf4 36. Kf3 Kh7 37. c5 hxg4+ 38. Kxg4 Nh5 39. Kg5 Red8 40. cxd6 Rxd6 41. Rxd6 Rxd6 42. Nd5 Rc6 43. Rc3 Rxc3 44. Nxc3 a6 45. b4 Kg8 46. b5 Kf8 47. bxa6 bxa6 48. Na4 Ke8 49. Nc5 a5 50. a4 Kd8 51. Nb7+ Kc7 52. Nxa5 Ng3 53. Kh6 Nxe4 54. Kg7 Nd6 55. Nb3 e4 56. Kf8 e3 57. Nc1 Kd7 58. a5 Ke6 59. a6 Nb5 60. Kg7 Na7 61. Ne2 Nc6 62. Nd4+ Kd6 63. Nc2 e2 64. Kxf7 Nb4 65. Ne1 Nxa6 66. Kxg6 Nc5 67. h5 Ke6 68. Nf3 Nd7 69. Nd4+ Ke5 70. Nxe2 Nxf6 71. h6 Nd7 72. Kg7 Nf6 73. Ng3 Ne8+ 74. Kg6 Nf6 75. Nh5 Nd7 1-0

[Event "Dhaka Year Long GM 1st"]
[Site "Dhaka"]
[Date "2021.10.06"]
[Round "8"]
[White "Abu Sufian, Sakil"]
[Black "Sengupta, Deep"]
[Result "0-1"]
[WhiteElo "2242"]
[BlackElo "2527"]
[PlyCount "60"]
[EventDate "2021.09.29"]
[EventType "tourn"]
[EventRounds "9"]
[EventCountry "BAN"]
[EventCategory "6"]
[SourceTitle "CBM 204 Extra"]
[Source "ChessBase"]
[SourceDate "2021.11.30"]
[SourceVersion "1"]
[SourceVersionDate "2021.11.30"]
[SourceQuality "1"]

1. e4 e5 2. Nf3 Nc6 3. Bb5 a6 4. Ba4 Nf6 5. 0-0 Nxe4 6. d4 b5 7. Bb3 d5 8. dxe5 Be6 9. c3 Bc5 10. Nbd2 0-0 11. Bc2 Nxf2 12. Rxf2 f6 13. exf6 Bxf2+ 14. Kxf2 Qxf6 15. Nf1 Ne5 16. Kg1 Rae8 17. Be3 Nxf3+ 18. Qxf3 Qxf3 19. gxf3 Rxf3 20. Bd4 Bh3 21. Ng3 g6 22. a4 Kf7 23. axb5 axb5 24. Bb3 c6 25. Bc2 h5 26. Bf2 h4 27. Ra7+ Kf6 28. Bd1 Rd3 29. Nh5+ Kg5 30. Bc2 Rf3 0-1

[Event "Dhaka Year Long GM 1st"]
[Site "Dhaka"]
[Date "2021.10.05"]
[Round "7"]
[White "Zubarev, Alexander2222"]
[Black "Abu Sufian, Sakil"]
[Result "1/2-1/2"]
[WhiteElo "2409"]
[BlackElo "2242"]
[PlyCount "30"]
[EventDate "2021.09.29"]
[EventType "tourn"]
[EventRounds "9"]
[EventCountry "BAN"]
[EventCategory "6"]
[SourceTitle "CBM 204 Extra"]
[Source "ChessBase"]
[SourceDate "2021.11.30"]
[SourceVersion "1"]
[SourceVersionDate "2021.11.30"]
[SourceQuality "1"]

1. c4 c6 2. Nf3 d5 3. e3 Nf6 4. Nc3 a6 5. d4 b5 6. cxd5 cxd5 7. Ne5 e6 8. Bd3 Bb7 9. 0-0 Nbd7 10. f4 Be7 11. Bd2 Ne4 12. Be1 0-0 13. Rf3 f5 14. Rh3 Nxe5 15. fxe5 Ng5 1/2-1/2